[Event "Wellington Mazur Memorial"]
[Site "Wellington"]
[Date "2010.12.07"]
[Round "8"]
[White "Wilson, Dallas JG"]
[Black "Jackson, L Ross"]
[Result "1/2-1/2"]
[WhiteElo "1712"]
[BlackElo "1977"]
[PlyCount "81"]
[EventDate "2010.10.19"]
[EventType "swiss"]
[EventRounds "8"]
[EventCountry "NZL"]
[SourceTitle "EXT 2018"]
[Source "ChessBase"]
[SourceDate "2017.10.13"]
[SourceVersion "1"]
[SourceVersionDate "2017.10.13"]
[SourceQuality "1"]

1. e4 c5 2. Nf3 d6 3. d4 cxd4 4. c3 dxc3 5. Nxc3 a6 6. Bc4 e6 7. 0-0 Nc6 8. Re1 Na5 9. Bd3 b5 10. b3 Bb7 11. Bb2 b4 12. Ne2 e5 13. Ng3 Nf6 14. Qd2 Nc6 15. Bc4 h6 16. Rad1 g6 17. Bd5 Qb6 18. Nf1 Be7 19. Ne3 Na5 20. Bxb7 Qxb7 21. Nd5 Nxd5 22. exd5 Rb8 23. Nxe5 dxe5 24. Bxe5 Kd7 25. d6 Bg5 26. f4 Bh4 27. g3 Bxg3 28. hxg3 Rhe8 29. Bf6 Re6 30. Rxe6 fxe6 31. Qe3 Qb6 32. Kf2 Qxe3+ 33. Kxe3 Rb6 34. Be5 Nb7 35. Rh1 h5 36. g4 Nxd6 37. Bxd6 Rxd6 38. gxh5 gxh5 39. Rxh5 Kc6 40. Re5 Kb6 41. f5 1/2-1/2

[Event "Wellington Mazur Memorial"]
[Site "Wellington"]
[Date "2010.10.19"]
[Round "1"]
[White "Wilson, Dallas JG"]
[Black "Ker, Anthony F"]
[Result "0-1"]
[WhiteElo "1712"]
[BlackElo "2432"]
[PlyCount "48"]
[EventDate "2010.10.19"]
[EventType "swiss"]
[EventRounds "8"]
[EventCountry "NZL"]
[SourceTitle "EXT 2018"]
[Source "ChessBase"]
[SourceDate "2017.10.13"]
[SourceVersion "1"]
[SourceVersionDate "2017.10.13"]
[SourceQuality "1"]

1. e4 d6 2. d4 Nf6 3. Nc3 g6 4. Be3 a6 5. Bd3 b5 6. f3 Nbd7 7. Nge2 c5 8. Nf4 cxd4 9. Bxd4 e5 10. Bxe5 dxe5 11. Nfd5 b4 12. Ne2 Nxd5 13. exd5 Qb6 14. c4 bxc3 15. bxc3 Bh6 16. Rf1 0-0 17. Rb1 Qe3 18. Rb4 Nc5 19. Bc2 Bf5 20. Rh4 Rab8 21. Bxf5 gxf5 22. Qc2 Nd3+ 23. Kd1 Rb1+ 24. Qxb1 Qd2# 0-1